000 01017nam a2200265Ia 4500
003 OSt
005 20221005104222.0
006 a|||||r|||| 00| 0
007 ta
008 221004b |||||||| |||| 00| 0 hin d
020 _a9788180210211 (hbk)
_c600
024 _a24387
037 _b60, 30/12/2015, Mallika Books
_cTextual
040 _aCRL
_cCRL
_bhin
041 _2hin
_ahin
082 _aO152,1:gN3, Q5
100 _aराखी कुमारी
245 0 _aउत्तरशती की हिन्दी कविता में प्रगतिशील चेतना
246 _aUttarashatī kī hindī kavitā mean pragatishīl chetanā
260 _aदिल्ली
_bपरिक्रमा प्रकाशन भारत
_c2015
300 _a215पृ0
_ccm.
650 _aहिन्दी साहित्य
942 _hO152,1:gN3, Q5
_cTEXL
_2cc
999 _c1012054
_d1012054